Physiology (Registro nro. 12934)

Detalles MARC
000 -CABECERA
Longitud fija campo de control 00775cam a2200241 a 4500
001 - NÚMERO DE CONTROL
Número de control 2598995
003 - IDENTIFICADOR DELl NÚMERO DE CONTROL
Identificador del número de control OSt
005 - FECHA Y HORA DE LA ÚLTIMA TRANSACCIÓN
Fecha y hora de la última transacción 20140818155631.0
008 - CÓDIGOS DE INFORMACIÓN DE LONGITUD FIJA
Códigos de información de longitud fija 970725s1997 ctua b 000 0 eng c
020 ## - NÚMERO INTERNACIONAL NORMALIZADO PARA LIBROS
Número Internacional Normalizado para Libros (ISBN) 0-8385-6222-1
040 ## - FUENTE DE LA CATALOGACIÓN
Centro transcriptor LDC
082 ## - NÚMERO DE LA CLASIFICACIÓN DECIMAL DEWEY
Númeroo de clasificación 612
100 1# - PUNTO DE ACCESO PRINCIPAL-NOMBRE DE PERSONA
Nombre de persona Penney, David G.
9 (RLIN) 23699
245 10 - MENCIÓN DE TÍTULO
Título Physiology
Resto del título : 700 questions & answers : a USMLE review
Número de parte o sección de la obra Step 1
Mención de responsabilidad, etc. David G. Penney
250 ## - MENCIÓN DE EDICIÓN
Mención de edición 9th ed
260 ## - PUBLICACIÓN, DISTRIBUCIÓN, ETC. (PIE DE IMPRENTA)
Lugar de publicación, distribución, etc. Stamford (Connecticut)
Nombre del editor, distribuidor, etc. Appleton & Lange
Fecha de publicación, distribución, etc. cop. 1996
300 ## - DESCRIPCIÓN FÍSICA
Extensión V, 255 p.
Dimensiones 21 cm
490 1# - MENCIÓN DE SERIE
Mención de serie National medical series in the basic sciences
500 ## - NOTA GENERAL
Nota general El libro proporciona preguntas utilizadas en los exámenes USMLE, nivel 1, de los Estados Unidos
504 ## - NOTA DE BIBLIOGRAFÍA, ETC
Nota de bibliografía, etc. Bibliografía
650 24 - PUNTO DE ACCESO ADICIONAL DE MATERIA - TÉRMINO DE MATERIA
Término de materia o nombre geográfico como elemento inicial Fisiología humana
9 (RLIN) 580
942 ## - ENTRADA DE ELEMENTOS AGREGADOS (KOHA)
Fuente de clasificaión o esquema Dewey Decimal Classification
Koha [por defecto] tipo de item 1- Monografias
Existencias
Suprimido Perdido Fuente de clasificación o esquema Estropeado Restricciones de uso No para préstamo Código de colección Localización permanente Localización actual Localización en estanter&íacute;as Fecha adquisición Fuente de adquisición Número de inventario Préstamos totales Signatura completa Código de barras Fecha última consulta Coste, precio reemplazado Fecha del precio de reemplazo Tipo de item de Koha
NULL NULL Dewey Decimal Classification NULL Préstamo en Sala NULL NULL Biblioteca Miguel de Cervantes - UNICAES Biblioteca Miguel de Cervantes - UNICAES Sala Principal 11/08/2014 Donación - COREI, S.A de C.V 020334   612 PEN phy 1020690 11/08/2014 20.00 11/08/2014 1- Monografias